FILOSOFIA DE LA RELIGION/

TRADUCCION DE: WHAT IS RELIGION

Gardado en:
Detalles Bibliográficos
Autor Principal: Tillich, Paul (autor)
Formato: Libro
Temas:
Etiquetas: Engadir etiqueta
Sen Etiquetas, Sexa o primeiro en etiquetar este rexistro!

MARC

LEADER 00000nam^a2200000^a^4500
001 000221169
005 20250521000000.0
009 20260310103908.939
035 |a 036290 
037 |a Acervo Xavier Clavigero 
082 |a 200. 1 TIL 
100 |a Tillich, Paul  |e (autor) 
245 1 0 |a FILOSOFIA DE LA RELIGION/  |c PAUL TILLICH; TR. MARCELO PEREZ RIVAS 
264 |a ARGENTINA :  |b MEGAPOLIS,  |c 1973 
300 |a 185p. 
336 |a texto  |b txt  |2 rdacontenido 
337 |a sin mediación  |b n  |2 rdamedio 
338 |a volumen  |b nc  |2 rdasoporte 
520 |a TRADUCCION DE: WHAT IS RELIGION 
649 |a XX 
650 |a Religión -  |x Filosofía 
910 |a Fondo General 
920 |a Impresos - Libros 
930 |a Colección General 
905 |a 101 
901 |a 036290  |b IT1  |c ACC  |i 036290  |u 20250521 
902 |a https://opac.biblio.iteso.mx/vufind/Record/000221169